000 01009nam a22003137a 4500
003 CHAP
005 20220329133951.0
008 971013s1969 r 00010 d
010 _a13375
011 _a14347
035 _a18420
040 _cCHAP
082 _a634.907
_bC38
100 0 0 _aCastaños Martínez, León Jorge
_eed.
_919974
245 _aNotas del cursillo sobre sitios permanentes de experimentación forestal
260 _aMéxico :
_bInstituto de Investigaciones Forestales,
_c1969
300 _a171 p.
490 _aPublicación especial
_v; 4
500 _aFotocopia
590 _aBATCH-UPD
_b10
_c20130110
_lUCH01
_h1251
590 _aBATCH-UPD
_b10
_c20130410
_lUCH01
_h0813
590 _aBATCH-UPD
_b10
_c20130914
_lUCH01
_h0708
590 _aCONVERSION
_b10
_c20130109
_lUCH01
_h1309
650 1 4 _aBosques
_xInvestigación.
_914282
830 0 _aPublicación especial
_v; 4
_992760
901 _aBK
942 _cLIBRO
949 _a634.907 C38
_bBC
_cLIBRO
_d-42981
_eLIBRO
_h60563
_i18420
_si
999 _c13375
_d13375